00635nam a2200145 a 450000500170000000800410001702000180005805000230007610000790009924501310017826000320030930000090034199900190035095201200036920140412111426.0090626s19uu xx 00 eng d a0-439-71899-6 aTR(PS EbCo67 2004 aFifth - grade students of Coast Episcopal School in Long Beach, Mississipi aColor for thought... /cWritten and Illustrated by fifth - grade students of Coast Episcopal School in Long Beach, Mississipi. aU.S.A :bScholastic,c2004. a31p. c106237d106237 00104050aELbELcTRd2009-06-26eGiftg195.00l0oTR(PS E Co67 2004pE11471r2014-04-12 00:00:00w2014-04-12yBK